000 01643cam a2200205 i 4500
999 _c37879
_d37879
020 _a9781003086031
041 _aeng-
082 0 0 _a306
_bMAT-
245 0 4 _aThe material subject :
_brethinking bodies and objects in motion /
_c[edited by] Urmila Mohan and Laurence Douny.
260 _aNew York :
_bRoutledge,
_c2022.
300 _a246p.
504 _aIncludes bibliographical references and index.
520 _a"This volume emphasizes the role of bodily and material culture in making subjects, with a focus on empirical field research and theoretical sophistication. In particular, the work is situated in the anthropological study of techniques, materiality and power via the ideas of the Matière à Penser (MaP) school of thought. It provides students and scholars of material culture with valuable access to an intellectual tradition developed mostly in France and to emerging cross-disciplinary research. The book highlights the embodied subject as a holistic entity - including mind, drives and pains - engaged in relationships with others, and in doing so rejects the Western notion of the self-managing individual with disembodied thought. The chapters mediate different scales of engagement through a focus on practices and connect the study of physical properties (of both humans and objects) and gestures to larger questions of how individuals are connected with their environment and each other through actions"--
546 _aEnglish.
650 0 _aMaterial culture
_xPhilosophy.
650 0 _aMaterial culture
_xResearch.
700 1 _aMohan, Urmila
_eeditor.
700 1 _aDouny, Laurence
_eeditor.
942 _2ddc
_cBK